000 00859nam a2200253Ia 4500
999 _c4978
_d4978
003 OSt
005 20200416153732.0
008 191128s1998 ck gr 000 0 spa d
020 _a958800909X
040 _aCO-JMCR
_cCO-JMCR
041 0 _aspa
082 0 4 _a303.44 /
_bP659p
100 1 _aPinto Saavedra, Juan Alfredo,
_eautor
_93145
245 1 0 _aPensamiento alternativo, cambio político y pacificación /
_cJuan Alfredo Pinto Saavedra
250 _aPrimera edición
260 _aBogotá :
_bKonrad Adenauer Stiftung,
_c1998
300 _a91 páginas ;
_c20 cm.
300 _c 20 cm
650 1 4 _aIdeologías políticas
_zAmérica Latina
_93146
650 1 4 _aDesarrollo político
_zAmérica Latina
_93147
650 2 4 _aReforma política
_zAmérica Latina
_93148
650 2 4 _aPolítica y gobierno
_zAmérica Latina
_93149
942 _2ddc
_cBK